000 00301cam a2200133ua 4500
041 _amal
_h
082 _a894.812 308
_bBEC/MA
100 _aBeck, Stein .
245 _aManushiarum elikalum /
_cStein Beck.
_hTextual Documents
300 _a243 ; .
504 _a
942 _cBK
999 _c6675
_d6675